| 000 | 00553nam a2200217 a 4500 | ||
|---|---|---|---|
| 999 |
_c6723 _d6723 |
||
| 001 | 6723 | ||
| 003 | BD-JhCC | ||
| 005 | 20211007134021.0 | ||
| 008 | 180129s1959 e a|||| || | 000 0 eng d | ||
| 035 | _a(BD-JhCC)6723 | ||
| 040 |
_aBD-JhCC _dBD-JhCC |
||
| 041 | _aeng | ||
| 082 |
_a823.914 _bVIP 1959 |
||
| 100 | _aVipont, Elfrida | ||
| 245 |
_aThe Lark in The Morn / _cElfrida Vipont, |
||
| 260 |
_aLondon : _bOxford University Press, _c1959 |
||
| 300 |
_a201 p. : _c20 cm. |
||
| 650 | _aChildren's Stories | ||
| 942 |
_2ddc _cBK _01 |
||